Statistiques concernant Tous les Mario Party

Cliquez ici pour prendre le quiz!

Statistiques générales

  • Ce quiz a été pris 46 fois
  • Le résultat moyen est 13 sur 17

Statistiques - réponses

ConsoleNom% Correct
Nintendo 64Mario Party
100%
Nintendo 64Mario Party 2
97%
Nintendo 64Mario Party 3
97%
Game CubeMario Party 4
97%
WiiMario Party 8
97%
WiiMario Party 9
97%
Wii UMario Party 10
95%
Game CubeMario Party 5
95%
Game CubeMario Party 6
95%
Game CubeMario Party 7
95%
DSMario Party DS
73%
SwitchSuper Mario Party
73%
SwitchMario Party Superstars
54%
3DSMario Party Island Tour
49%
3DSMario Party The Top 100
41%
GBAMario Party Advance
32%
3DSMario Party Star Rush
30%

Distribution des résultats

Percentile par nombre de réponses

% des personnes avec chaque résultat

Votre développement - résultats

Vous n’avez pas pris ce quiz